000
00349 a2200169 4500
001
183995
020
_a
85-349-1174-6
040
_c
Magnum
100
_a
Jose, Elias
240
1
0
_a
(Re) fabulando
_l
por
245
1
0
_a
(Re) fabulando
300
_a
24
362
0
_a
1998
440
1
_a
Paulus
697
_a
LITERATURA INFANTO-JUVENIL
942
_c
BK
999
_c
183995
_d
183995